Mitos y símbolos de la India / (Record no. 12116)

MARC details
000 -LEADER
campo de control de longitud fija 00855nam a2200253 i 4500
001 - NÚMERO DE CONTROL
campo de control 12116
003 - IDENTIFICADOR DE NÚMERO DE CONTROL
campo de control ES-MaACL
005 - FECHA Y HORA DE LA ÚLTIMA TRANSACCIÓN
campo de control 20250813060902.0
007 - CAMPO FIJO DE DESCRIPCIÓN FÍSICA--INFORMACIÓN GENERAL
campo de control de longitud fija t|
008 - DATOS DE LONGITUD FIJA--INFORMACIÓN GENERAL
campo de control de longitud fija 970411s1995 sp af |||| | spa d
020 ## - NÚMERO INTERNACIONAL ESTÁNDAR DEL LIBRO
Número Internacional Estándar del Libro 84-7844-291-X
080 ## - NÚMERO DE LA CLASIFICACIÓN DECIMAL UNIVERSAL
Número de la Clasificación Decimal Universal 294.51
100 1# - ENTRADA PRINCIPAL--NOMBRE DE PERSONA
Nombre de persona Zimmer, Heinrich.
9 (RLIN) 118268
245 10 - MENCIÓN DEL TÍTULO
Título Mitos y símbolos de la India /
Mención de responsabilidad, etc. Heinrich Zimmer ; edición a cargo de Joseph Campbell ; traducción de Francisco Torres Oliver.
260 ## - PUBLICACIÓN, DISTRIBUCIÓN, ETC.
Lugar de publicación, distribución, etc. Madrid :
Nombre del editor, distribuidor, etc. Siruela,
Fecha de publicación, distribución, etc. 1995.
300 ## - DESCRIPCIÓN FÍSICA
Extensión 243 p., [22] p. de lám. :
Otras características físicas il. ;
Dimensiones 22 cm.
490 1# - MENCIÓN DE SERIE
Mención de serie El árbol del paraíso ;
Designación de volumen o secuencia 1
650 17 - PUNTO DE ACCESO ADICIONAL DE MATERIA--TÉRMINO DE MATERIA
Término de materia o nombre geográfico como elemento de entrada Mitología hindú
Fuente del encabezamiento o término embne
9 (RLIN) 15107
700 1# - ENTRADA AGREGADA--NOMBRE PERSONAL
Nombre de persona Campbell, Joseph.
9 (RLIN) 34145
700 1# - ENTRADA AGREGADA--NOMBRE PERSONAL
Nombre de persona Torres Oliver, Francisco,
Fechas asociadas al nombre 1935-
9 (RLIN) 110996
830 03 - PUNTO DE ACCESO ADICIONAL DE SERIE-TÍTULO UNIFORME
Título uniforme El árbol del paraíso
Designación de volumen o secuencia 1
9 (RLIN) 179942
852 ## - LOCALIZACIÓN
Ubicación ES-MaACL
Número de control de estantería L-19480
Holdings
Estatus retirado Estado de pérdida Estado de daño No para préstamo Biblioteca de origen Biblioteca actual Ubicación en estantería Fecha de adquisición Fuente de adquisición Total de préstamos Signatura topográfica completa Código de barras Visto por última vez Precio de reemplazo Tipo de ítem Koha
        Biblioteca del Ateneo de Madrid Biblioteca del Ateneo de Madrid Depósito 2 17/01/2008     L-19480 1012345 23/02/2023 23/02/2023 Libro impreso